Land information management: systems and experiences in developing countries. Papers presented at a symposium on the Management and Development of Natural Resources, Kuala Lumpar, Malaysia 9-14 September 1985. (Record no. 94637)

MARC details
000 -LEADER
fixed length control field 01192cam a2200265 4500
008 - FIXED-LENGTH DATA ELEMENTS--GENERAL INFORMATION
fixed length control field 090401t1985 xxu||||| |||| 00| 0 eng d
020 ## - INTERNATIONAL STANDARD BOOK NUMBER
International Standard Book Number 0903577313
035 ## - SYSTEM CONTROL NUMBER
System control number (Sirsi) u64054
041 ## - LANGUAGE CODE
Language code of text/sound track or separate title eng
050 ## - LIBRARY OF CONGRESS CALL NUMBER
Classification number 333.70285
110 ## - MAIN ENTRY--CORPORATE NAME
Corporate name or jurisdiction name as entry element Commonwealth Association of Surveying and Land Economy
9 (RLIN) 2570
245 ## - TITLE STATEMENT
Title Land information management: systems and experiences in developing countries. Papers presented at a symposium on the Management and Development of Natural Resources, Kuala Lumpar, Malaysia 9-14 September 1985.
260 ## - PUBLICATION, DISTRIBUTION, ETC.
Place of publication, distribution, etc. London
Name of publisher, distributor, etc. CASLE
Date of publication, distribution, etc. 1985
300 ## - PHYSICAL DESCRIPTION
Extent 41p. ; 21cm.
350 ## - PRICE (NR) (BK AM CF MU VM SE) [OBSOLETE]
Price 0
520 ## - SUMMARY, ETC.
Summary, etc. Papers:- Land Information Systems for developing countries/ Dunkerley, Howard - Land Information New Zealand: the experience of a developing nation/ Hawkey, Warren - Land Information Management: a review of selected concepts and issues/ McLaughlin, John - Land registration for less developed countries: a checklist/ Holstein, Lynn.
650 ## - SUBJECT ADDED ENTRY--TOPICAL TERM
Topical term or geographic name entry element DEVELOPING COUNTRIES
650 ## - SUBJECT ADDED ENTRY--TOPICAL TERM
Topical term or geographic name entry element GIS
650 ## - SUBJECT ADDED ENTRY--TOPICAL TERM
Topical term or geographic name entry element LAND INFORMATION SYSTEMS
650 ## - SUBJECT ADDED ENTRY--TOPICAL TERM
Topical term or geographic name entry element LAND SURVEYING
650 ## - SUBJECT ADDED ENTRY--TOPICAL TERM
Topical term or geographic name entry element NEW ZEALAND
690 ## - LOCAL SUBJECT ADDED ENTRY--TOPICAL TERM (OCLC, RLIN)
Topical term or geographic name as entry element OVERSEAS-REST OF THE WORLD
942 ## - ADDED ENTRY ELEMENTS (KOHA)
Suppress in OPAC 0
948 ## - LOCAL PROCESSING INFORMATION (OCLC); SERIES PART DESIGNATOR (RLIN)
c (OCLC) 04/03/1997
Holdings
Withdrawn status Lost status Source of classification or shelving scheme Damaged status Not for loan Home library Current library Shelving location Date acquired Total Checkouts Full call number Barcode Date last seen Copy number Price effective from Koha item type
    Dewey Decimal Classification     London London Basement 28/01/1993   BASEMENT 30044152 06/08/2019 1 06/08/2019 Book